000 00764cab a2200229 4500
001 WB3445-08
008 090401t1998 xxu||||| |||| 00| 0 eng d
035 _a(Sirsi) u89894
041 _aeng
245 _aMEPC puts projects on hold
260 _c1998
350 _a0
490 _aDaily Telegraph
_v23 November 1998, 29(1)
520 _aMEPC, Britain`s third-largest quoted property company has ordered a slowdown of current investment following growing concern about prospects for the UK market.
650 _aMEPC
650 _aPROPERTY COMPANIES
650 _aPROPERTY INVESTMENT MARKET
650 _aPROPERTY INVESTMENT
690 _aPROPERTY-COMMERCIAL PROPERTY-COMMERCIAL PROPERTY FINANCE AND INVESTMENT
942 _n0
948 _c24/11/1998
999 _c56914
_d56914